000 00666nam a2200217Ia 4500
003 OSt
005 20221007072443.0
006 a|||||r|||| 00| 0
007 ta
008 221006b |||||||| |||| 00| 0 eng d
024 _a3,115
037 _cReference Collections
040 _aFLL
_cFLL
_beng
041 _2eng
_aeng
082 _aZ1:88196, K4
100 _aSchechter Alan H. Au.
_9690684
245 0 _aInterpretation of ambiguous documents by international administrative tribunals
260 _aLondon
_bStevens and sons UK
_c1964
942 _hZ1:88196, K4
_cREF
_2CC
999 _c1146115
_d1146115